MARC

LEADER 00000nam0a2200000 4500
001 85467
005 20231031101040.0
010 |a 5279029084  |b 3000 экз. 
021 |a RU  |b 04-52533  |9 04-2581 
035 |a (RuTPU)RU\TPU\book\91843 
090 |a 85467 
100 |a 20051115d2004 m y0rusy5002 ca 
101 1 |a rus  |c scc 
102 |a RU 
105 |a y j 001zy 
200 1 |a Финансовая математика с задачами и решениями  |e учебно-методическое пособие  |e пер. с серб.  |f Елена Кочович 
205 |a Изд. 2-е, перераб. и доп. 
210 |a Москва  |c Финансы и статистика  |d 2004 
215 |a 379, [1] с.  |d 24 см. 
320 |a Библиогр.: с. 380 
610 1 |a финансы 
610 1 |a финансовая математика 
610 1 |a финансовые вычисления 
610 1 |a задачи 
610 1 |a решения 
610 1 |a простые проценты 
610 1 |a платежи 
610 1 |a займы 
610 1 |a кредиты 
610 1 |a расчетные счета 
610 1 |a дисконтирование 
610 1 |a векселя 
610 1 |a сложные проценты 
610 1 |a коэффициенты 
610 1 |a включение 
610 1 |a аморфизация 
610 1 |a финансовые таблицы 
610 1 |a учебные пособия 
686 |a У9(2)262.3я73  |v LBC/SL-A  |2 rubbk 
700 1 |a Кочович  |b Е.  |g Елена  |4 070 
801 0 |a RU  |b RKP  |c 20041001  |g PSBO 
801 1 |a RU  |b 63413507  |c 20051115  |g PSBO 
801 2 |a RU  |b 63413507  |c 20051124  |g PSBO 
942 |c BK